1020 1645 1181 1546 1085 1993 1817 1171 1303 1743 1783 1216 1566 1454 1222 1086 1067 1081 1561 1533 1141 1378 1412 1642 1922 1134 1745 1369 1592 1003 1664 1056 1821 1980 1766 1026 1038 1867 1955 1164 1893 1579 1650 1947 1771 1056 1039 1165 1252 1241 1659 1926 1674 1146 1299 1503 1610 1830 1030 1503 1727 1235 1673 1627 1547 1943 1136 1903 1659 1437 1360 1150 1023 1230 1756 1855 1293 1248 1492 1891 1743 1244 1701 1689 1195 1318 1066 1526 1448 1143 1490 1686 1088 1749 1810 1619 1473 1431 1010 BCNSPRNW ULIB Ver.6.0+V

เปลี่ยนเป็นภาษาไทย

Change to English
 แสดงรายละเอียดบรรณานุกรม
  กลับหน้าหลัก

Brief Record : Get Marc (ISO 2709) : E-mail record : QR code < ปิดหน้าต่าง
LEADER : 00000nam 2200000uu 4500
001    13399107739
003     ULIB
008    110201s2552||||th 000 0 tha d
020    9789741111411
060 04 QS4^bค127ต 2552
245 00 ตำรากายวิภาคศาสตร์พื้นฐาน=^bBasic anatomy /^cเรียบเรียงโดย คณาจารย์ภาควิชากายวิภาคศาสตร์ คณะแพทยศาสตร์ศิริราชพยาบาล; บรรณาธิการ, วาสนา ผลากรสกุล
246 31 bBasic anatomy
250    พิมพ์ครั้งที่ 1
260    กรุงเทพฯ:^bโรงพิมพ์ศุภวนิชการพิมพ์,^c2552
300    428 หน้า,^bภาพประกอบ
650  7 กายวิภาคศาสตร์
650  7 สรีรวิทยา
700 0  วาสนา ผลากรสกุล,^eบรรณาธิการ
710 2  มหาวิทยาลัยมหิดล. ^bคณะแพทยศาสตร์.^bภาควิชากายวิภาคศาสตร์
710 2  คณาจารย์ภาควิชากายวิภาคศาสตร์ คณะแพทยศาสตร์ศิริราชพยาบาล
945    ^p400^l0^i028794
945    ^p400^l0^i028795
945    ^p400^l0^i028796
995    ทศพร
999 ^a ใช้งานได้ทุกระบบ
รายการนี้ยังไม่มีแท็ก
คุณยังไม่ได้ล็อกอิน คุณสามารถมีกิจกรรมร่วมกับเว็บไซต์ได้ แต่ต้องล็อกอินก่อน ::
  ล็อกอิน

รายการสื่อสารสนเทศ

ลำดับที่ ประเภท เลขเรียก/บาร์โค้ด สถานที่ สถานะ
1. วิทยาศาสตร์การแพทย์ และสุขภาพ
หนังสือสำรอง
สถานะ=หนังสือสำรอง
QS4 ค127ต 2552 ฉ.1 
  Barcode: 028794
ห้องสมุดวิทยาเขตสวรรค์ประชารักษ์
►ส่วนจัดเก็บหนังสือเก่า สปร
บนชั้น
  ขอยืม
2. วิทยาศาสตร์การแพทย์ และสุขภาพ
วิทยาศาสตร์การแพทย์ และสุขภาพ
QS4 ค127ต 2552 ฉ.2 
  Barcode: 028795
ห้องสมุดวิทยาเขตสวรรค์ประชารักษ์
►ส่วนจัดเก็บหนังสือเก่า สปร
บนชั้น
  ขอยืม

รายการใกล้เคียง
    หัวเรื่อง [กายวิภาคศาสตร์]
    หัวเรื่อง [สรีรวิทยา]

BibComment


ยังไม่เคยถูกคอมเมนท์

คอมเมนท์ทรัพยากรรายการนี้
  คอมเมนท์: ตำรากายวิภาคศาสตร..


 Copyright 2026. Bcnsprnw @Library